| 000 | 00415nam a2200169Ia 4500 | ||
|---|---|---|---|
| 008 | 230524s9999 xx 000 0 und d | ||
| 020 | _a8177221000 | ||
| 082 | _bBEL | ||
| 100 |
_aJon A.Bell _942032 |
||
| 245 | 0 | _a3D Studio Max R3 Special Effects & Design | |
| 250 | _a5 | ||
| 260 |
_aNew Delhi _bDreamtech _c2000 |
||
| 300 | _a"XIX,423p:" | ||
| 500 | _aQuantity Number: 1 | ||
| 650 | _aComp-Sc | ||
| 942 | _cBK | ||
| 999 |
_c56448 _d56448 |
||